000 00216nam a2200097Ia 4500
005 20251222114339.0
008 251222s1900||||xx |||||||||||||| ||spa||
082 _aDVD0090/C25/2007
245 0 _aAristóteles:
942 _cDVD
999 _c797
_d797